Vista normal
Vista MARC
Entrada Materia (personas)
Número de registros utilizados en: 4
001 - CONTROL NUMBER
- control field: 62614
003 - CONTROL NUMBER IDENTIFIER
- control field: Co-BoUCM
005 - DATE AND TIME OF LATEST TRANSACTION
- control field: 20140701140644.0
008 - FIXED-LENGTH DATA ELEMENTS
- fixed length control field: 140701|| aca||aabn | a|a d
040 ## - CATALOGING SOURCE
- Original cataloging agency: Co-BoUCM
- Transcribing agency: Co-BoUCM
100 ## - HEADING--PERSONAL NAME
- Personal name: González, Joaquín Víctor,
- Dates associated with a name: 1863-1923.
670 ## - SOURCE DATA FOUND
- Source citation: Work cat.: (Co-BoUCM)0: González, Joaquín Víctor, 1863-1923., La Argentina y sus amigos, 1910.